Schnelle Mathematik - Zahlen im Hexadezimalsystem Level 13 - Statistiken

Allgemein
  • Dieses Quiz wurde 38 mal gespielt
  • Das Durchschnittsergebnis liegt bei 14 aus 50
Antwortstatistiken
Nummer % Korrekt
1
100%
2
100%
3
100%
4
100%
5
88%
6
88%
7
88%
8
88%
9
88%
A
38%
B
38%
C
38%
D
38%
E
38%
F
38%
10
13%
11
13%
12
13%
13
13%
14
13%
15
13%
16
13%
17
13%
18
13%
19
13%
1A
13%
1B
13%
1C
13%
1D
13%
1E
13%
1F
13%
20
13%
21
13%
22
13%
23
13%
24
13%
25
13%
26
13%
27
13%
28
13%
29
13%
2A
13%
2B
13%
2C
13%
2D
0%
2E
0%
2F
0%
30
0%
31
0%
32
0%
Keine übereinstimmenden Quizze gefunden
Verteilung der Resultate
Anzahl Personen mit jedem Resultat
Perzentil nach korrekt beantworteten Fragen
Ihre Resultats-Entwicklung
Sie haben dieses Quiz noch nicht gespielt